000 01761nam a2200253Ia 4500
003 Ost
005 20260416102351.0
008 260416s9999||||xx |||||||||||||| ||und||
040 _cfsecg
041 _aara
082 _a1.42
100 _aبورويس، عبد العالي
_eمؤلف
245 0 _a منهجية البحث العلمي /
_c عبد العالي بورويس
246 _aScientific Research Methodology
260 _aالجزائر
_bجامعة الجزائر3: كلية العلوم الإقتصادية، العلوم التجارية وعلوم التسيير
_c2016
300 _a111 ورقة
_bايضاحات
_c30 سم
504 _aمراجع ص.110
520 _aمفهوم وطبيعة العلم، البحث العلمي المفهوم الخصائص والأنواع، مناهج البحث العلمي (الاستنباطي، والاستقرائي)، مناهج البحث العلمي( المناهج الاجرائية)، أنواع البحوث الجامعية، أدوات جمع المعلومات( الملاحظة، المقابلة والاستبيان)، تحليل البيانات احصائيا، المراجع والمصادر وطريقة الافادة منها، خطوات البحث العلمي، تقنيات استخدام الهامش، أسلوب الكتابة العلمية لتقرير البحث، الجوانب الفنية للشكل العام للبحث، التعرف على المكتبة وموجوداتها
653 _aالبحث
653 _aالمناهج
653 _aطرق البحث
710 _aجامعة الجزائر3: كلية العلوم الإقتصادية، العلوم التجارية وعلوم التسيير
_eناشر علمي
942 _cHANDOUT
999 _c41009
_d41009